|
|
|
|
| LEADER |
00763nam a2200193 a 4500 |
| 001 |
GR-MES370 |
| 008 |
991111s enk 000 b eng d |
| 020 |
|
|
|a 0521311306
|
| 040 |
|
|
|a GrPaTEI
|b gre
|c GR-PaULI
|
| 245 |
0 |
0 |
|a Marine microbiology.
|
| 260 |
|
|
|a Cambridge :
|b Cambridge University Press,
|c c1988
|
| 300 |
|
|
|a xii, 222σελ. :
|b εικ.,πιν.
|
| 504 |
|
|
|a Βιβλιογραφία: σελ.177-222
|
| 650 |
|
4 |
|a Θάλασσα-Μικροβιολογία
|
| 700 |
1 |
|
|a Austin, B.
|
| 942 |
|
|
|2 ddc
|
| 952 |
|
|
|0 0
|1 0
|2 ddc
|4 0
|6 576_192000000000000_AUS
|7 0
|9 263593
|a MSLG
|b MSLG
|c BSC
|d 2021-01-17
|e 24
|f 0
|g 0.00
|l 0
|o 576.192 AUS
|p 2420000000973
|r 2021-01-17 00:00:00
|t 1
|w 2021-01-17
|y BK15
|x 19991111 0 1
|x GrPaTEI
|
| 971 |
|
|
|a .b25714119
|b 15-04-20
|c 13-09-16
|
| 999 |
|
|
|c 151752
|d 151752
|